Doppelt Schnell Tippen von A bis Z - 15 Sekunden Sprint - Statistiken

Allgemein
  • Dieses Quiz wurde 2.026 mal gespielt
  • Das Durchschnittsergebnis liegt bei 31 aus 52
Antwortstatistiken
Buchstabe % Korrekt
a
100%
b
97%
c
94%
d
93%
e
93%
f
92%
g
92%
h
92%
i
91%
j
90%
k
89%
l
89%
m
87%
n
86%
o
86%
p
85%
q
84%
r
82%
s
82%
t
81%
u
81%
v
79%
w
77%
x
74%
y
72%
z
69%
A
59%
B
57%
C
53%
D
51%
E
50%
F
48%
G
46%
H
45%
I
43%
J
41%
K
39%
L
36%
M
32%
N
31%
O
30%
P
29%
Q
25%
R
23%
S
21%
T
20%
U
19%
V
16%
W
15%
X
12%
Y
11%
Z
10%
Keine übereinstimmenden Quizze gefunden
Verteilung der Resultate
Anzahl Personen mit jedem Resultat
Perzentil nach korrekt beantworteten Fragen
Ihre Resultats-Entwicklung
Sie haben dieses Quiz noch nicht gespielt